Histórias da menina Minhó-Minhó (Registo nº 2217)

Detalhes MARC
000 -Etiqueta do registo
Cabeçalho 00761nam a22002651 4500
005 - Identificador da versão
Campo de controlo 20240813121928.0
095 ## -
-- PTBN00124452
100 ## - Dados gerais de processamento
Dados gerais de processamento 19980410d1988 cd y0pory5003 ba
102 ## - Pais de publicação ou produção
País de publicação Portugal
101 0# - Língua de publicação
Língua do texto, banda sonora, etc. Português
106 ## - Campo de dados codificados: material textual
Dados codificados do material textual r
105 ## - Campo de dados codificados: livros
Dados codificados dos livros a z 001fy
215 ## - Descrição física 
Indicação específica da natureza do documento e extensão da espécie 41, [1] p.
Outras indicações físicas muito il.
Dimensões 24 cm
200 1# - Titulo e menção de responsabilidade
Título próprio Histórias da menina Minhó-Minhó
Primeira menção de responsabilidade Pedro Barbosa
Outras menções de responsabilidade il. Emerenciano
225 2# - Colecção 
Título próprio da colecção Tretas e letras
Indicação de volume 20
210 ## - Publicação, Distribuição, etc. 
Lugar da edição, distribuição, etc. Porto
Nome do editor, distribuidor, etc. Afrontamento
Data da publicação, distribuição, etc. 1988
606 ## - Nome comum usado como assunto
Número de registo de entrada de autoridade 0000029
Palavra de ordem Literatura portuguesa infantil
Subdivisão de assunto Conto
675 ## - Classificação Decimal Universal (CDU)
Notação 821.134.3-34
Edição
Língua da edição por
702 #0 - Nome de autor-pessoa física (responsabilidade secundária)
Número de registo de entrada de autoridade 0001030
Palavra de ordem Emerenciano
Datas 1946-
Código de função Ilustrador / Técnico de desenho computorizado
700 #1 - Nome de autor-pessoa física (responsabilidade principal)
Número de registo de entrada de autoridade 0001029
Palavra de ordem Barbosa
Outra parte do nome não tomada para palavra de ordem Pedro
Datas 1948-
942 ## - Elementos de entrada adicionados (Koha)
Tipo de item no Koha Livro
Exemplares
Situação do levantamento Origin of item (home branch) (coded) Biblioteca de empréstimo Código de barras Cota Circulation type (not for loan) Tipo de documento Nota do exemplar Damaged status
  Biblioteca Escolar da Coca Maravilhas Biblioteca Escolar da Coca Maravilhas BECM3598/98 8POR BAR   Livro Sem mensagem